Gender & Development (Record no. 14960)
[ view plain ]
| 000 -LEADER | |
|---|---|
| fixed length control field | 00596nam a2200241 a 4500 |
| 020 ## - INTERNATIONAL STANDARD BOOK NUMBER | |
| ISBN | 9788189110314 |
| 082 00 - DEWEY DECIMAL CLASSIFICATION NUMBER | |
| Classification number | 338.6340954 |
| Author Cutter | SAH |
| 100 ## - MAIN ENTRY--AUTHOR NAME | |
| Author name | Sahaya, Amita |
| 245 ## - TITLE STATEMENT | |
| Title | Gender & Development |
| 260 ## - PUBLICATION, DISTRIBUTION, ETC. (IMPRINT) | |
| Place of publication | Delhi |
| Name of publisher | Women Press |
| Year of publication | 2011 |
| 300 ## - PHYSICAL DESCRIPTION | |
| Number of Pages | 298p |
| 500 ## - GENERAL NOTE | |
| General note | includes index and biblioraphy |
| 650 ## - SUBJECT ADDED ENTRY--TOPICAL TERM | |
| Topical Term | Women-Employment-india |
| 942 ## - ADDED ENTRY ELEMENTS (KOHA) | |
| Koha item type | Books |
| 700 1# - | |
| -- | Sunita, Kaistha |
| 700 1# - | |
| -- | Vibhuti, Patel |
| Collection code | Home library | Current library | Date acquired | Cost, normal purchase price | Full call number | Accession Number | Koha item type |
|---|---|---|---|---|---|---|---|
| Henry Martyn Institute Library | Henry Martyn Institute Library | 11/17/2011 | 1295.00 | 338.6340954 SAH | 023734 | Books |
